| 000 | 00542cam a2200145K 4500 | ||
|---|---|---|---|
| 082 | 4 |
_a355.00951 _bBAR _cD |
|
| 100 | 1 |
_aBarnes, A. A. S. _949505 |
|
| 245 | 1 | 0 |
_aOn active service with the Chinese regiment; _ba record of the operations of the first Chinese regiment in north China, from March to October, 1900. |
| 260 |
_aLondon : _bGrant Richards, _c1902. |
||
| 300 | _a228 p. | ||
| 526 |
_a0 _b0 _c0 _d355_009510000000000_BAR |
||
| 650 |
_aMCE _9379 |
||
| 856 | 4 | 0 | _uhttp://catalog.hathitrust.org/api/volumes/oclc/29084026.html |
| 942 |
_2ddc _cBK |
||
| 999 |
_c552286 _d552286 |
||